000 00381pam a2200157a 44500
008 230515b1985 xxu||||| |||| 00| 0 eng d
020 _aNULL
041 _aENGL
082 _a624.1751/ KRI.
100 _aKRISHNMURTY.
245 _aSTRUCTURAL DESIGN AND DRAWING VOL3 CONCRETE STRUCTURE
250 _aN.D.
260 _aNULL
_bC.B.S
_c1985
300 _a182 PB
650 _aNULL
999 _c618065
_d618065